| 000 | 01745nam a2200373 c 4500 | ||
|---|---|---|---|
| 003 | BLK | ||
| 005 | 20180420215036.0 | ||
| 008 | 180413b bul|||||r ||||||| ||bul|| | ||
| 010 | _aKNG00017065000 | ||
| 020 |
_a954-494-212-2 _bиздат.: Унив. изд. Стопанство |
||
| 040 | _aBLK | ||
| 041 |
_aBUL _cBUL |
||
| 080 |
_aНамеса на държавата в пазарното стопанство. Вж и 338.246 _b338.242.4 _x(73)(075.8) _z338.242.4(73)(075.8) |
||
| 100 | 1 |
_aСтиглиц, Джоузеф Е. _eпърви автор _9124671 |
|
| 700 | 1 |
_aЖелева, Елена _eпрев. от англ. _9241560 |
|
| 139 |
_aСтиглиц, Джоузеф Е. _bС 76 |
||
| 245 | 1 | 0 |
_aИкономика на държавния сектор _bУчебник за студентите от ИУ _cДжоузеф Е. Стиглиц; прев. от англ. Елена Желева. |
| 257 | _aUSA | ||
| 260 |
_аСофия _bУнив. изд. Стопанство _c1996 |
||
| 300 |
_a849 с. _bс табл., диагр. _c23 см |
||
| 380 | _a3 | ||
| 500 | _aОриг. загл. Economics of the public sector / Joseph E. Stiglitz. - Изд. на УНСС - София. - 500 тир. - Азб. показалец. | ||
| 650 | 4 |
_aИкономическа политика - САЩ - учебници за ВУЗ _9260096 |
|
| 650 | 4 |
_aСтопанство - САЩ - учебници за ВУЗ _9260097 |
|
| 653 | _aикономика | ||
| 653 | _aикономическа политика | ||
| 653 | _aдържавен сектор | ||
| 653 | _aучебници за ВУЗ | ||
| 852 | _aЦб 192397 | ||
| 856 | 4 |
_qpdf _u |
|
| 856 | 4 |
_qpdf _u |
|
| 942 |
_cKNG _n0 |
||
| 944 |
_aCR _c15.01.2003 _kКети_Илиева |
||
| 944 |
_aED _c23.11.2012 _k |
||
| 999 |
_c15295 _d15295 |
||